West&North Yorkshire Chambers of Commerce (Record no. 160671)
[ view plain ]
| 000 -LEADER | |
|---|---|
| fixed length control field | 00481 a2200205 4500 |
| 001 - CONTROL NUMBER | |
| control field | 160671 |
| 003 - CONTROL NUMBER IDENTIFIER | |
| control field | TR-AnTOB |
| 005 - DATE AND TIME OF LATEST TRANSACTION | |
| control field | 20240730170110.0 |
| 008 - FIXED-LENGTH DATA ELEMENTS--GENERAL INFORMATION | |
| fixed length control field | 120618s2009 tu 001 0 |
| 040 ## - CATALOGING SOURCE | |
| Original cataloging agency | TR-AnTOB |
| Transcribing agency | TR-AnTOB |
| 041 ## - LANGUAGE CODE | |
| Language code of text/sound track or separate title | İngilizce |
| 050 ## - LIBRARY OF CONGRESS CALL NUMBER | |
| Classification number | HF302 |
| 090 ## - LOCALLY ASSIGNED LC-TYPE CALL NUMBER (OCLC); LOCAL CALL NUMBER (RLIN) | |
| Classification number (OCLC) (R) ; Classification number, CALL (RLIN) (NR) | HF302 |
| 099 ## - LOCAL FREE-TEXT CALL NUMBER (OCLC) | |
| Classification number | T001279 BRAe |
| 110 ## - MAIN ENTRY--CORPORATE NAME | |
| Corporate name or jurisdiction name as entry element | Bradford;Leeds,York&North Yorkshire |
| 9 (RLIN) | 67438 |
| 245 #0 - TITLE STATEMENT | |
| Title | West&North Yorkshire Chambers of Commerce |
| 300 ## - PHYSICAL DESCRIPTION | |
| Extent | 75p; |
| Other physical details | rsm. |
| Dimensions | 17cm |
| 942 ## - ADDED ENTRY ELEMENTS (KOHA) | |
| Koha item type | Book |
| Source of classification or shelving scheme | Library of Congress Classification |
| Withdrawn status | Lost status | Source of classification or shelving scheme | Materials specified (bound volume or other part) | Not for loan | Collection code | Home library | Current library | Shelving location | Date acquired | Source of acquisition | Serial Enumeration / chronology | Inventory number | Total Checkouts | Total Holds | Full call number | Barcode | Copy number | Date shelved | Koha item type |
|---|---|---|---|---|---|---|---|---|---|---|---|---|---|---|---|---|---|---|---|
| c.1 | Ödünç Verilebilir / Available | TOBB Kütüphanesi Bağış Koleksiyonu - Klasik | Merkez Kütüphane | Merkez Kütüphane | TOBB Bağışı Koleksiyonu / TOBB Gift Collection | 25/12/2009 | Dağıtım / Compilation | 1 | İKT | T001279 BRAe | T001279 | 1 | 21/04/2010 | Book |
